000 00660nam a2200265Ia 4500
005 20260306164441.0
008 008 260114s9999 xx 000 0 eng d
020 _a9780191865510
037 _aEBOOK
040 _aCRL
040 _beng
040 _cCRL
041 _2eng
041 _aeng
084 _qCRL
100 _aKnepper
_91130774
245 4 _aThe Oxford Handbook Of International Law In Asia And The Pacific
260 _bOxford University Press
260 _c2019
650 _aLaw & Criminology
856 _uhttps://academic.oup.com/edited-volume/41303
942 _cEBOOK
999 _c1714115
_d1714115